000
002770000a22000970004500
100
1
_a
Porras, Aristómeno
245
1
0
_a
Andrés Bello : Su amor a las sagradas escrituras
300
_a
Vol. 53, Núm 236 (1998), Páginas 21-22
773
0
_t
La Biblia de las Américas
942
_c
ANA
999
_c
51490
_d
51490